Les 30 joueurs les plus chers de 2021-2022 - Statistiques

Statistiques générales
  • Ce quiz a été pris 65 fois
  • Le résultat moyen est 18 sur 30
Statistiques - réponses
# De Vers Montant du transfert Pays Joueur % Correct
5 Inter Paris Saint-Germain 68 000 000 € Achraf Hakimi
98%
2 Inter Chelsea FC 113 000 000 € Romelu Lukaku
98%
1 Aston Villa FC Manchester City 117 500 000 € Jack Grealish
96%
4 ACF Fiorentina Juventus 83 500 000 € Dušan Vlahović
90%
3 Borussia Dortmund Manchester United 85 000 000 € Jadon Sancho
90%
8 FC Porto Liverpool FC 49 000 000 € Luis Díaz
85%
9 RB Leipzig FC Bayern München 42 500 000 € Dayot Upamecano
83%
7 Manchester City FC Barcelona 55 000 000 € Ferran Torres
81%
12 Real Madrid CF Manchester United 40 000 000 € Raphaël Varane
81%
13 RB Leipzig Liverpool FC 40 000 000 € Ibrahima Konaté
77%
17 Real Madrid CF Arsenal FC 35 000 000 € Martin Ødegaard
77%
10 Olympique Lyonnais Newcastle United FC 42 100 000 € Bruno Guimarães
71%
22 Stade Rennais FC Real Madrid CF 31 000 000 € Eduardo Camavinga
69%
11 Chelsea FC AS Roma 41 000 000 € Tammy Abraham
65%
6 Brighton & Hove Albion Arsenal FC 58 500 000 € Ben White
62%
18 Udinese Calcio Atlético de Madrid 35 000 000 € Rodrigo De Paul
62%
21 Bayer 04 Leverkusen Aston Villa FC 32 000 000 € Leon Bailey
56%
15 GNK Dinamo RB Leipzig 36 800 000 € Joško Gvardiol
52%
24 Everton FC Aston Villa FC 30 000 000 € Lucas Digne
52%
16 Chelsea FC AC Milan 35 300 000 € Fikayo Tomori
48%
19 Chelsea FC West Ham United 35 000 000 € Kurt Zouma
48%
25 PSV Borussia Dortmund 30 000 000 € Donyell Malen
44%
14 Norwich City FC Aston Villa FC 38 400 000 € Emiliano Buendía
33%
30 Fulham FC Leeds United FC 29 100 000 € Daniel James
31%
20 Hertha BSC Atlético de Madrid 35 000 000 € Matheus Cunha
29%
27 Burnley FC Newcastle United FC 30 000 000 € Chris Wood
23%
26 FC Red Bull Salzburg Leicester City FC 30 000 000 € Patson Daka
23%
29 Arsenal FC Newcastle United FC 29 400 000 € Joe Willock
13%
23 PFC CSKA Moscow West Ham United 30 000 000 € Nikola Vlašić
13%
28 Southampton FC Aston Villa FC 29 400 000 € Danny Ings
10%
Aucun quiz correspondant
Distribution des résultats
% des personnes avec chaque résultat
Percentile par nombre de réponses
Votre historique - résultats
Vous n’avez pas pris ce quiz